[Event "3. Torneo Internacional A.D. San Juan"]
[Site "Pamplona ESP"]
[Date "2009.07.27"]
[Round "1.1"]
[White "Ojer Lora, Iker"]
[Black "Fedorchuk, Sergey A"]
[Result "0-1"]
[WhiteElo "2051"]
[BlackElo "2655"]
[PlyCount "66"]
[EventDate "2009.07.27"]
[EventType "swiss"]
[EventRounds "9"]
[EventCountry "ESP"]
[Source "lmi"]
[SourceDate "2009.07.27"]

1. e4 c5 2. a3 e6 3. b4 cxb4 4. axb4 Bxb4 5. Bb2 Nf6 6. e5 Nd5 7. c4 Ne7 8. Na3
O-O 9. Nc2 Nbc6 10. Nxb4 Nxb4 11. Ra4 a5 12. Bc3 Nec6 13. d4 d5 14. exd6 Qxd6
15. Bd3 Bd7 16. Bb1 e5 17. d5 Nd4 18. Bxb4 axb4 19. Rxa8 Rxa8 20. Ne2 Nxe2 21.
Qxe2 g6 22. O-O Ra3 23. Re1 Rc3 24. h3 b3 25. Kh2 e4+ 26. g3 f5 27. Qb2 Rxc4
28. Qxb3 Qb4 29. Qe3 Rc3 30. Qg5 Qd6 31. Qd8+ Kg7 32. Bxe4 Rc8 33. Qg5 Re8 0-1

[Event "3. Torneo Internacional A.D. San Juan"]
[Site "Pamplona ESP"]
[Date "2009.07.27"]
[Round "1.2"]
[White "Aleksandrov, Aleksej"]
[Black "Rodriguez Lapetra, Pablo"]
[Result "1-0"]
[WhiteElo "2616"]
[BlackElo "2014"]
[PlyCount "60"]
[EventDate "2009.07.27"]
[EventType "swiss"]
[EventRounds "9"]
[EventCountry "ESP"]
[Source "lmi"]
[SourceDate "2009.07.27"]

1. d4 Nf6 2. c4 g6 3. Nc3 d5 4. Qa4+ Bd7 5. Qb3 dxc4 6. Qxc4 Bg7 7. e4 O-O 8.
e5 Ng4 9. Nf3 Na6 10. Be2 c5 11. h3 Nh6 12. d5 Qa5 13. O-O Qb4 14. Rd1 Nf5 15.
Bf4 Rac8 16. a3 Qxc4 17. Bxc4 h5 18. Rac1 Rfd8 19. g4 hxg4 20. hxg4 Nh6 21. e6
fxe6 22. dxe6 Bc6 23. Nd5 Kf8 24. Nh4 Be8 25. Bg5 Ng8 26. Nf4 Bxb2 27. Nfxg6+
Bxg6 28. Nxg6+ Kg7 29. Nxe7 Bxc1 30. Nf5+ Kg6 1-0

[Event "3. Torneo Internacional A.D. San Juan"]
[Site "Pamplona ESP"]
[Date "2009.07.27"]
[Round "1.3"]
[White "Roviralta Montero, Axel"]
[Black "Edouard, Romain"]
[Result "0-1"]
[WhiteElo "2011"]
[BlackElo "2597"]
[PlyCount "124"]
[EventDate "2009.07.27"]
[EventType "swiss"]
[EventRounds "9"]
[EventCountry "ESP"]
[Source "lmi"]
[SourceDate "2009.07.27"]

1. e4 c5 2. Nf3 d6 3. d4 cxd4 4. Nxd4 Nf6 5. Nc3 a6 6. Bg5 Nc6 7. Qd2 e6 8.
O-O-O Bd7 9. f3 Be7 10. h4 h6 11. Be3 h5 12. Kb1 Qc7 13. Be2 Rc8 14. Rc1 Ne5
15. Nd1 b5 16. Nf2 Qb7 17. Bg5 d5 18. exd5 Qxd5 19. Rhd1 Nc4 20. Bxc4 bxc4 21.
Ne2 Qxd2 22. Rxd2 Bb4 23. c3 Bc5 24. Nd4 Nd5 25. Re2 f6 26. Bd2 Kf7 27. Ne4 e5
28. Nc2 Be7 29. Nb4 Nxb4 30. cxb4 Rhd8 31. Bc3 Bf5 32. Kc2 g6 33. Rd1 Bd7 34.
Red2 Ba4+ 35. b3 cxb3+ 36. axb3 Rxd2+ 37. Rxd2 Bc6 38. Nd6+ Bxd6 39. Rxd6 Ke7
40. Rd1 Ke6 41. Kb2 Rg8 42. Bd2 Rd8 43. Kc2 e4 44. Re1 Kf5 45. Re3 exf3 46.
gxf3 g5 47. Rc3 Bd5 48. Be1 g4 49. fxg4+ hxg4 50. b5 axb5 51. Rc5 Ke4 52. Rxb5
f5 53. Rc5 f4 54. Rc3 Rb8 55. Bf2 g3 56. Bc5 f3 57. Kd2 Ra8 58. Re3+ Kf5 59.
Re1 Ra2+ 60. Ke3 f2 61. Rd1 Bg2 62. Bd6 Kg4 0-1

[Event "3. Torneo Internacional A.D. San Juan"]
[Site "Pamplona ESP"]
[Date "2009.07.27"]
[Round "1.4"]
[White "Ninov, Nikolai"]
[Black "Aguinaga Ruiz, Jesus Luis"]
[Result "1-0"]
[WhiteElo "2562"]
[BlackElo "2007"]
[PlyCount "65"]
[EventDate "2009.07.27"]
[EventType "swiss"]
[EventRounds "9"]
[EventCountry "ESP"]
[Source "lmi"]
[SourceDate "2009.07.27"]

1. e4 Nc6 2. d4 d5 3. Nc3 e6 4. Nf3 Nf6 5. Bg5 h6 6. Bxf6 gxf6 7. exd5 exd5 8.
Bb5 Qe7+ 9. Qe2 Qxe2+ 10. Kxe2 Be6 11. Nh4 O-O-O 12. Bxc6 bxc6 13. Na4 Bd6 14.
g3 Rde8 15. Kd3 Bd7 16. Rae1 Re6 17. Re3 Rxe3+ 18. fxe3 Bh3 19. Nc3 Re8 20. a3
a5 21. e4 dxe4+ 22. Nxe4 f5 23. Nf2 Bg4 24. Nxg4 fxg4 25. Rf1 Be7 26. Rxf7 Bxh4
27. gxh4 Rg8 28. Rf6 g3 29. hxg3 Rxg3+ 30. Kc4 Rg2 31. c3 h5 32. Rf5 Rxb2 33.
Rxa5 1-0

[Event "3. Torneo Internacional A.D. San Juan"]
[Site "Pamplona ESP"]
[Date "2009.07.27"]
[Round "1.5"]
[White "Rodriguez Ferraz, Borja"]
[Black "Del Rio De Angelis, Salvador G"]
[Result "0-1"]
[WhiteElo "1996"]
[BlackElo "2560"]
[PlyCount "54"]
[EventDate "2009.07.27"]
[EventType "swiss"]
[EventRounds "9"]
[EventCountry "ESP"]
[Source "lmi"]
[SourceDate "2009.07.27"]

1. e4 g6 2. d4 Bg7 3. c4 d6 4. Nc3 Nf6 5. Nf3 O-O 6. Be2 e5 7. dxe5 dxe5 8.
Qxd8 Rxd8 9. Bg5 Nbd7 10. O-O-O Rf8 11. Nd2 Nc5 12. Nd5 Ncxe4 13. Nxe4 Nxe4 14.
Be7 Nxf2 15. Bxf8 Kxf8 16. Nxc7 Bh6+ 17. Kc2 Bf5+ 18. Kb3 Rc8 19. Nb5 Nxh1 20.
Rxh1 Rd8 21. Re1 a6 22. Nc3 Be6 23. Bf3 b5 24. Bd5 bxc4+ 25. Kxc4 Rc8+ 26. Kb4
Bxd5 27. Nxd5 Bd2+ 0-1

[Event "3. Torneo Internacional A.D. San Juan"]
[Site "Pamplona ESP"]
[Date "2009.07.27"]
[Round "1.7"]
[White "Sanchez Salazar, Kiko"]
[Black "Maze, Sebastien"]
[Result "0-1"]
[WhiteElo "1987"]
[BlackElo "2546"]
[PlyCount "58"]
[EventDate "2009.07.27"]
[EventType "swiss"]
[EventRounds "9"]
[EventCountry "ESP"]
[Source "lmi"]
[SourceDate "2009.07.27"]

1. e4 c5 2. Nf3 Nc6 3. d4 cxd4 4. Nxd4 e5 5. Nb3 Nf6 6. Bg5 Be7 7. f3 O-O 8.
Bxf6 Bxf6 9. Nc3 a5 10. a3 Bg5 11. Bc4 a4 12. Nd2 Be3 13. Nd5 Bc5 14. c3 d6 15.
Bb5 Qg5 16. Qe2 Be6 17. Nc7 Ra5 18. Nxe6 fxe6 19. Bc4 Qe7 20. O-O-O Rb8 21. f4
exf4 22. Qg4 Be3 23. Qxe6+ Qxe6 24. Bxe6+ Kf8 25. Kc2 Bxd2 26. Rxd2 Ke7 27. Bd5
Ne5 28. Rf1 Rf8 29. Bxb7 Nc4 0-1

[Event "3. Torneo Internacional A.D. San Juan"]
[Site "Pamplona ESP"]
[Date "2009.07.27"]
[Round "1.8"]
[White "Ibrahimov, Rasul"]
[Black "Ruiz Escobar, Rafael"]
[Result "1-0"]
[WhiteElo "2543"]
[BlackElo "1958"]
[PlyCount "47"]
[EventDate "2009.07.27"]
[EventType "swiss"]
[EventRounds "9"]
[EventCountry "ESP"]
[Source "lmi"]
[SourceDate "2009.07.27"]

1. Nf3 Nf6 2. c4 d6 3. d4 c5 4. Nc3 Na6 5. e4 Bg4 6. d5 g6 7. Be2 Bg7 8. h3
Bxf3 9. Bxf3 Nd7 10. Be3 O-O 11. O-O Nc7 12. Qd2 Rb8 13. Be2 a6 14. a4 b6 15.
Rad1 Qe8 16. f4 f6 17. Qc2 Bh6 18. Kh1 Ne5 19. Rb1 Nf7 20. b4 e5 21. dxe6 Nxe6
22. Nd5 Nd4 23. Bxd4 cxd4 24. Nxf6+ 1-0

[Event "3. Torneo Internacional A.D. San Juan"]
[Site "Pamplona ESP"]
[Date "2009.07.27"]
[Round "1.10"]
[White "Suba, Mihai"]
[Black "Iagar, Razvan-Gabriel"]
[Result "1/2-1/2"]
[WhiteElo "2540"]
[BlackElo "1949"]
[PlyCount "193"]
[EventDate "2009.07.27"]
[EventType "swiss"]
[EventRounds "9"]
[EventCountry "ESP"]
[Source "lmi"]
[SourceDate "2009.07.27"]

1. c4 f5 2. g3 Nf6 3. d4 g6 4. Nc3 Bg7 5. Bg2 O-O 6. Nh3 d6 7. d5 Qe8 8. O-O a5
9. Be3 Na6 10. Rc1 Ng4 11. Bd4 Bh6 12. e3 c5 13. dxc6 bxc6 14. Na4 Rb8 15. b3
c5 16. Ba1 Bd7 17. Nc3 Be6 18. Nf4 Nc7 19. Ncd5 Nxd5 20. Bxd5 Bxd5 21. Qxd5+
Qf7 22. Ne6 Rfe8 23. h3 Nf6 24. Bxf6 exf6 25. Nc7 Qxd5 26. Nxd5 Kf7 27. Rfd1
Bf8 28. Rd3 Red8 29. Rc2 Rb7 30. Nc3 Be7 31. Rd5 Ke6 32. g4 fxg4 33. hxg4 Rf8
34. e4 Rg8 35. Kf1 Bf8 36. Rcd2 g5 37. Nb5 Rd7 38. f3 h5 39. gxh5 Rh8 40. Rh2
Rdh7 41. Kg2 Rxh5 42. Rxh5 Rxh5 43. Rd1 Rh7 44. Kg3 Ke5 45. Nc3 Ke6 46. Nd5 Rh8
47. Ne3 Rh7 48. Ng2 Be7 49. f4 gxf4+ 50. Nxf4+ Kf7 51. Rd2 Rh8 52. Rh2 Rxh2 53.
Kxh2 Bf8 54. Kg3 Bh6 55. Nd5 Ke6 56. Kf3 Bg5 57. Ke2 f5 58. Kd3 Ke5 59. exf5
Kxf5 60. Nb6 Bd8 61. Nc8 Ke5 62. Na7 Bb6 63. Nc6+ Kf5 64. Ne7+ Ke5 65. Nc8 Bd8
66. Kc2 Ke6 67. Na7 Bb6 68. Nb5 Bd8 69. Kb2 Kd7 70. Kb1 Ke6 71. Kc2 Bb6 72. Kb2
Kd7 73. Nc3 Bd8 74. Nd5 Kc6 75. Kc2 Kd7 76. Kd3 Ke6 77. Ke4 Bg5 78. Nc7+ Kd7
79. Nb5 Ke6 80. Na7 Bd8 81. Nb5 Bg5 82. Nc3 Bf6 83. Ne2 Bg5 84. Ng3 Bf6 85. Nf5
Be5 86. Nh4 Bg7 87. Ng6 Bh6 88. a4 Kf6 89. Kd5 Kxg6 90. Kxd6 Kf6 91. Kxc5 Ke7
92. Kb6 Bd2 93. c5 Kd8 94. Kb7 Bf4 95. Kb6 Bc7+ 96. Kb5 Kd7 97. b4 1/2-1/2

[Event "3. Torneo Internacional A.D. San Juan"]
[Site "Pamplona ESP"]
[Date "2009.07.27"]
[Round "1.11"]
[White "Iraneta Unzue, Iker"]
[Black "Libiszewski, Fabien"]
[Result "0-1"]
[WhiteElo "1941"]
[BlackElo "2535"]
[PlyCount "94"]
[EventDate "2009.07.27"]
[EventType "swiss"]
[EventRounds "9"]
[EventCountry "ESP"]
[Source "lmi"]
[SourceDate "2009.07.27"]

1. e4 c5 2. Nf3 Nc6 3. d4 cxd4 4. Nxd4 e5 5. Nb5 d6 6. c4 Be7 7. N1c3 a6 8. Na3
Be6 9. Bd3 Bg5 10. O-O Bxc1 11. Rxc1 Nf6 12. Nc2 O-O 13. Ne3 Nd4 14. Ne2 Qb6
15. b3 Rfd8 16. Nxd4 Qxd4 17. Qe2 Qb6 18. Bb1 a5 19. Rfd1 a4 20. Qb2 axb3 21.
axb3 Nd7 22. Bc2 Nb8 23. Ra1 Rxa1 24. Rxa1 Nc6 25. Qa3 g6 26. Qc1 Nd4 27. Bd1
Qb4 28. Nf1 Kg7 29. Qd2 Qc5 30. Ng3 Nc6 31. Bc2 h6 32. h3 b5 33. cxb5 Nd4 34.
Bd1 Qxb5 35. Qa5 Qxa5 36. Rxa5 Rc8 37. Kh2 Rc1 38. Bg4 Bxb3 39. Ra6 h5 40. Bd7
h4 41. Nh1 Kf8 42. Bg4 f5 43. exf5 gxf5 44. Bh5 Ke7 45. Ra7+ Kf6 46. Ra8 Ne6
47. g3 Bd5 0-1

[Event "3. Torneo Internacional A.D. San Juan"]
[Site "Pamplona ESP"]
[Date "2009.07.27"]
[Round "1.12"]
[White "Paunovic, Dragan"]
[Black "Agudo Tena, Angel"]
[Result "1-0"]
[WhiteElo "2533"]
[BlackElo "1928"]
[PlyCount "81"]
[EventDate "2009.07.27"]
[EventType "swiss"]
[EventRounds "9"]
[EventCountry "ESP"]
[Source "lmi"]
[SourceDate "2009.07.27"]

1. Nf3 Nf6 2. g3 d5 3. Bg2 c6 4. O-O Bf5 5. d3 e6 6. Nbd2 Be7 7. Qe1 O-O 8. e4
dxe4 9. dxe4 Bg6 10. Qe2 Nbd7 11. h3 Nc5 12. Ne5 Qd4 13. Nxg6 hxg6 14. e5 Nfd7
15. Nc4 Nb6 16. Nxb6 axb6 17. Rd1 Qa4 18. b3 Qa6 19. Qg4 Rad8 20. a4 Rxd1+ 21.
Qxd1 Rd8 22. Qe1 Qa8 23. Bd2 Qc8 24. Bc3 Qd7 25. h4 Na6 26. Bf3 Bf8 27. Kg2 Nc7
28. Rd1 Qe8 29. Bd2 Nd5 30. c4 Ne7 31. Be3 Nc8 32. b4 Rxd1 33. Bxd1 Qd7 34. Bc2
b5 35. Qc3 bxc4 36. Qxc4 Qd5+ 37. Qxd5 exd5 38. b5 c5 39. a5 d4 40. Bg5 c4 41.
Be4 1-0

[Event "3. Torneo Internacional A.D. San Juan"]
[Site "Pamplona ESP"]
[Date "2009.07.27"]
[Round "1.13"]
[White "Garcia Serrano, Jose M"]
[Black "Strikovic, Aleksa"]
[Result "0-1"]
[WhiteElo "1908"]
[BlackElo "2523"]
[PlyCount "46"]
[EventDate "2009.07.27"]
[EventType "swiss"]
[EventRounds "9"]
[EventCountry "ESP"]
[Source "lmi"]
[SourceDate "2009.07.27"]

1. e4 c5 2. d4 cxd4 3. c3 Nf6 4. e5 Nd5 5. cxd4 e6 6. Nc3 Nxc3 7. bxc3 Qc7 8.
Nf3 d6 9. exd6 Bxd6 10. Bd2 Nd7 11. Bd3 b6 12. O-O Bb7 13. Re1 O-O 14. c4 g6
15. h4 e5 16. Ng5 exd4 17. Nxh7 Kxh7 18. Qh5+ Kg8 19. Qg5 Qc5 20. Qg4 Ne5 21.
Rxe5 Qxe5 22. Re1 Qh2+ 23. Kf1 Qh1+ 0-1

[Event "3. Torneo Internacional A.D. San Juan"]
[Site "Pamplona ESP"]
[Date "2009.07.27"]
[Round "1.14"]
[White "Ibarra Jerez, Jose Carlos"]
[Black "Juanco Elizari, Felix Javier"]
[Result "1-0"]
[WhiteElo "2517"]
[BlackElo "1908"]
[PlyCount "41"]
[EventDate "2009.07.27"]
[EventType "swiss"]
[EventRounds "9"]
[EventCountry "ESP"]
[Source "lmi"]
[SourceDate "2009.07.27"]

1. e4 e5 2. Nf3 Nc6 3. Bb5 a6 4. Bxc6 dxc6 5. O-O Bg4 6. h3 Bxf3 7. Qxf3 Bc5 8.
Qb3 Rb8 9. Qg3 Qf6 10. b4 Bxb4 11. Bb2 Bd6 12. f4 Bc5+ 13. Kh1 Bd4 14. Bxd4
exd4 15. f5 Nh6 16. Na3 Qd6 17. e5 Qb4 18. e6 fxe6 19. Qxg7 Rg8 20. Qxh6 Qxa3
21. Qxe6+ 1-0

[Event "3. Torneo Internacional A.D. San Juan"]
[Site "Pamplona ESP"]
[Date "2009.07.27"]
[Round "1.15"]
[White "Romero Haro, Florentino"]
[Black "Ortiz Suarez, Isan Reynaldo"]
[Result "0-1"]
[WhiteElo "1874"]
[BlackElo "2504"]
[PlyCount "60"]
[EventDate "2009.07.27"]
[EventType "swiss"]
[EventRounds "9"]
[EventCountry "ESP"]
[Source "lmi"]
[SourceDate "2009.07.27"]

1. e4 c5 2. c3 Nf6 3. e5 Nd5 4. Nf3 e6 5. Bc4 Nb6 6. Bb3 d6 7. d4 cxd4 8. cxd4
dxe5 9. dxe5 Qxd1+ 10. Bxd1 Bd7 11. O-O Bc6 12. b3 N8d7 13. Nbd2 Bb4 14. a3 Bc3
15. Ra2 Nxe5 16. Nc4 Nbxc4 17. bxc4 Nxf3+ 18. gxf3 O-O-O 19. Be3 Bd4 20. Bd2
Rd7 21. Be2 Rhd8 22. Bg5 f6 23. Bf4 Bc5 24. Re1 e5 25. Be3 Bxe3 26. fxe3 Rd2
27. Raa1 Rc2 28. e4 Rdd2 29. Kf1 Ra2 30. h4 Rxe2 0-1

[Event "3. Torneo Internacional A.D. San Juan"]
[Site "Pamplona ESP"]
[Date "2009.07.28"]
[Round "2.1"]
[White "Fedorchuk, Sergey A"]
[Black "Pozo Vera, Sandro"]
[Result "1-0"]
[WhiteElo "2655"]
[BlackElo "2451"]
[PlyCount "28"]
[EventDate "2009.07.27"]
[EventType "swiss"]
[EventRounds "9"]
[EventCountry "ESP"]
[Source "lmi"]
[SourceDate "2009.07.27"]

1. e4 e6 2. d4 d5 3. Nd2 Nf6 4. e5 Nfd7 5. Ngf3 c5 6. c3 Nc6 7. Bd3 g6 8. Bc2
Bg7 9. Nb3 b6 10. Bg5 Qc7 11. Qd2 h6 12. Be3 Ba6 13. h4 cxd4 14. cxd4 Nb4 1-0

[Event "3. Torneo Internacional A.D. San Juan"]
[Site "Pamplona ESP"]
[Date "2009.07.28"]
[Round "2.2"]
[White "Larino Nieto, David"]
[Black "Aleksandrov, Aleksej"]
[Result "1/2-1/2"]
[WhiteElo "2455"]
[BlackElo "2616"]
[PlyCount "237"]
[EventDate "2009.07.27"]
[EventType "swiss"]
[EventRounds "9"]
[EventCountry "ESP"]
[Source "lmi"]
[SourceDate "2009.07.27"]

1. e4 e5 2. Nf3 Nc6 3. Bb5 a6 4. Bxc6 dxc6 5. O-O f6 6. d4 exd4 7. Nxd4 c5 8.
Ne2 Qxd1 9. Rxd1 Bd7 10. Be3 O-O-O 11. Nbc3 Re8 12. Rd2 Bc6 13. Rad1 b6 14. f3
Ne7 15. Nf4 Ng6 16. Nxg6 hxg6 17. Bf4 Be7 18. Nd5 Bd8 19. c4 g5 20. Bg3 g4 21.
Re2 gxf3 22. gxf3 Bd7 23. Ree1 c6 24. Ne3 g6 25. b3 Rh7 26. Nf1 Bh3 27. Rd2 Rb7
28. Rd6 Be7 29. Rd2 a5 30. Bd6 Bd8 31. f4 a4 32. Ng3 Be6 33. f5 Bxf5 34. Nxf5
gxf5 35. e5 fxe5 36. Rxe5 Rg8+ 37. Rg2 Rxg2+ 38. Kxg2 Rg7+ 39. Kf3 Kd7 40. Bb8
Rg1 41. bxa4 Rf1+ 42. Ke2 Ra1 43. Rxf5 Rxa2+ 44. Kd3 Ra3+ 45. Kc2 Rxa4 46. Kb3
Rb4+ 47. Kc3 Ke6 48. Re5+ Kf7 49. Re4 Rb1 50. Kc2 Rh1 51. Bg3 Be7 52. Re1 Rxe1
53. Bxe1 Ke6 54. Kd3 Bf6 55. Bf2 Kf5 56. h3 Kf4 57. Be1 Kf3 58. h4 Kg4 59. h5
Kxh5 60. Bg3 Bd8 61. Ke4 Kg6 62. Be1 Kf7 63. Bf2 Ke6 64. Be3 Bf6 65. Bf4 Kd7
66. Kd3 Bd4 67. Bg3 Ke6 68. Bc7 b5 69. Bf4 Kf5 70. Bg3 Kg4 71. Be1 Kf3 72. Bh4
Kg2 73. Be1 Kf1 74. Bd2 Bf2 75. Ba5 Be1 76. Bc7 Kf2 77. Bd8 Kg2 78. Be7 Bb4 79.
Bh4 Kf1 80. Bg3 Be1 81. Bc7 Bh4 82. Ba5 Bf6 83. Bd2 Bb2 84. Ba5 Ba3 85. Bd2 Kf2
86. Ba5 Bc1 87. Bb6 Be3 88. Bd8 Bd4 89. Ba5 Kf1 90. Bd2 Bf2 91. Ba5 Be1 92. Bc7
Bb4 93. Bg3 Ba3 94. Bh4 Bb2 95. Bg3 Bd4 96. Kd2 Kg2 97. Bh4 Bf2 98. Bd8 Kf1 99.
Be7 Kg2 100. Bd8 Kg3 101. Kd3 Kg4 102. Bc7 Bg3 103. Bb6 Bd6 104. Bd8 Be5 105.
Bb6 Bd4 106. Bc7 Kf5 107. Bg3 Be5 108. Bf2 Bd6 109. Be1 Kg4 110. Bf2 Be7 111.
Be1 Kf3 112. Bd2 Kg4 113. Be1 b4 114. Kc2 Bf6 115. Kb3 Bh4 116. Bd2 Bg5 117.
Be1 Kf3 118. Kc2 Kg2 119. Kb3 1/2-1/2

[Event "3. Torneo Internacional A.D. San Juan"]
[Site "Pamplona ESP"]
[Date "2009.07.28"]
[Round "2.5"]
[White "Del Rio De Angelis, Salvador G"]
[Black "Ivanov, Jordan"]
[Result "1-0"]
[WhiteElo "2560"]
[BlackElo "2431"]
[PlyCount "63"]
[EventDate "2009.07.27"]
[EventType "swiss"]
[EventRounds "9"]
[EventCountry "ESP"]
[Source "lmi"]
[SourceDate "2009.07.27"]

1. d4 d5 2. c4 dxc4 3. Nf3 Nf6 4. e3 e6 5. Bxc4 c5 6. O-O a6 7. a4 Nc6 8. Qe2
Qc7 9. Rd1 Bd6 10. dxc5 Bxc5 11. b3 O-O 12. Bb2 e5 13. h3 e4 14. Nfd2 Ne5 15.
Nc3 Nxc4 16. bxc4 Qc6 17. Nb3 b6 18. Nxc5 bxc5 19. Rd2 Rb8 20. Rad1 Be6 21. Nd5
Bxd5 22. cxd5 Qd6 23. Bxf6 gxf6 24. Qg4+ Kh8 25. Qxe4 Rb4 26. Qc2 Rg8 27. Rc1
c4 28. Rd4 a5 29. Rcd1 Rg5 30. Rxc4 Rxd5 31. Rxd5 Qxd5 32. Rxb4 1-0

[Event "3. Torneo Internacional A.D. San Juan"]
[Site "Pamplona ESP"]
[Date "2009.07.28"]
[Round "2.6"]
[White "Mirzoev, Azer"]
[Black "Mihailovs, Jurijs"]
[Result "1-0"]
[WhiteElo "2559"]
[BlackElo "2408"]
[PlyCount "79"]
[EventDate "2009.07.27"]
[EventType "swiss"]
[EventRounds "9"]
[EventCountry "ESP"]
[Source "lmi"]
[SourceDate "2009.07.27"]

1. Nf3 c5 2. e3 d5 3. d4 cxd4 4. exd4 Nc6 5. c3 Nf6 6. Be2 Bg4 7. Bf4 e6 8. Qb3
Qb6 9. Qxb6 axb6 10. Nbd2 h6 11. h3 Bf5 12. O-O Be7 13. Rfe1 O-O 14. a3 Rfc8
15. Nf1 Na5 16. N3d2 Bf8 17. Ne3 Bh7 18. g4 Ne4 19. Nxe4 Bxe4 20. Rad1 Bh7 21.
h4 f6 22. h5 Kf7 23. Kg2 Be7 24. Bb5 Nc6 25. c4 Ra5 26. f3 Bf8 27. b4 Rxa3 28.
cxd5 exd5 29. Nxd5 Rd8 30. Nc7 Rc3 31. d5 Ne5 32. Bxe5 fxe5 33. Ne6 Ra8 34.
Nxf8 Ra2+ 35. Re2 Rxe2+ 36. Bxe2 Kxf8 37. d6 Rc8 38. Rd5 Rd8 39. Bb5 Bc2 40. d7
1-0

[Event "3. Torneo Internacional A.D. San Juan"]
[Site "Pamplona ESP"]
[Date "2009.07.28"]
[Round "2.7"]
[White "Maze, Sebastien"]
[Black "Berbatov, Kiprian"]
[Result "1-0"]
[WhiteElo "2546"]
[BlackElo "2398"]
[PlyCount "59"]
[EventDate "2009.07.27"]
[EventType "swiss"]
[EventRounds "9"]
[EventCountry "ESP"]
[Source "lmi"]
[SourceDate "2009.07.27"]

1. e4 c5 2. Nf3 d6 3. d4 cxd4 4. Nxd4 Nf6 5. Nc3 a6 6. Be2 e6 7. O-O Qc7 8. f4
Be7 9. Kh1 O-O 10. Qd3 b5 11. e5 dxe5 12. fxe5 Nfd7 13. Qh3 Nxe5 14. Bf4 Rd8
15. Bf3 Rxd4 16. Bxa8 Nbd7 17. Ne2 Rc4 18. b3 Rxf4 19. Nxf4 Nb6 20. Be4 f5 21.
Bd3 Ng4 22. c4 bxc4 23. bxc4 Nxc4 24. Rac1 Qb6 25. Rxc4 Bb7 26. Qh5 Ne3 27.
Qe8+ Bf8 28. Re1 e5 29. Rxe3 Qxe3 30. Qe6+ 1-0

[Event "3. Torneo Internacional A.D. San Juan"]
[Site "Pamplona ESP"]
[Date "2009.07.28"]
[Round "2.8"]
[White "Sanz Alonso, Francisco J"]
[Black "Ibrahimov, Rasul"]
[Result "1/2-1/2"]
[WhiteElo "2404"]
[BlackElo "2543"]
[PlyCount "85"]
[EventDate "2009.07.27"]
[EventType "swiss"]
[EventRounds "9"]
[EventCountry "ESP"]
[Source "lmi"]
[SourceDate "2009.07.27"]

1. e4 c5 2. Nf3 d6 3. d4 cxd4 4. Nxd4 Nf6 5. Nc3 a6 6. Be2 e5 7. Nb3 Be6 8. O-O
Nbd7 9. a4 Rc8 10. f3 Be7 11. a5 Qc7 12. Be3 O-O 13. Qd2 Rfd8 14. Rfc1 d5 15.
Nxd5 Nxd5 16. exd5 Bxd5 17. Qe1 Qc6 18. Nd2 Be6 19. Kh1 Bf5 20. Nc4 Qg6 21. c3
e4 22. Nb6 Nxb6 23. Bxb6 Re8 24. Qg3 Qh6 25. Rd1 Rc6 26. Qe5 Qf6 27. Qxf6 Bxf6
28. fxe4 Bxe4 29. Bg4 Rc4 30. Re1 Kf8 31. Re2 g6 32. Rf1 Bg5 33. Bd4 f5 34. Kg1
h5 35. Rxe4 Rxe4 36. Bxf5 Rexd4 37. Be4+ Kg7 38. cxd4 Be3+ 39. Kh1 Rb4 40. Bd5
Rxb2 41. Rf7+ Kh6 42. Rxb7 Rxb7 43. Bxb7 1/2-1/2

[Event "3. Torneo Internacional A.D. San Juan"]
[Site "Pamplona ESP"]
[Date "2009.07.28"]
[Round "2.10"]
[White "Libiszewski, Fabien"]
[Black "Burguete Archel, Eduardo"]
[Result "1-0"]
[WhiteElo "2535"]
[BlackElo "2220"]
[PlyCount "93"]
[EventDate "2009.07.27"]
[EventType "swiss"]
[EventRounds "9"]
[EventCountry "ESP"]
[Source "lmi"]
[SourceDate "2009.07.27"]

1. e4 e5 2. Nf3 Nc6 3. Bc4 Nf6 4. d3 Be7 5. O-O O-O 6. Re1 d6 7. a4 h6 8. a5 a6
9. c3 Nh7 10. Be3 Ng5 11. Nbd2 Bg4 12. h3 Bh5 13. Kh2 Nxf3+ 14. Nxf3 Bxf3 15.
Qxf3 Bg5 16. Qg4 Qf6 17. h4 Bxe3 18. fxe3 Kh8 19. Rf1 Qe7 20. Rf3 Nd8 21. Raf1
Ne6 22. Bxe6 fxe6 23. Rxf8+ Rxf8 24. Rxf8+ Qxf8 25. Qxe6 Qf2 26. Qc8+ Kh7 27.
Qf5+ Qxf5 28. exf5 h5 29. g4 g6 30. fxg6+ Kxg6 31. g5 Kf5 32. Kg3 Kg6 33. Kf3
Kf5 34. Kf2 Kg6 35. Ke2 Kf5 36. Kf3 Ke6 37. Ke4 b6 38. axb6 d5+ 39. Kf3 cxb6
40. e4 d4 41. c4 b5 42. c5 a5 43. Ke2 a4 44. Kd2 b4 45. Kc2 Kd7 46. g6 a3 47.
bxa3 1-0

[Event "3. Torneo Internacional A.D. San Juan"]
[Site "Pamplona ESP"]
[Date "2009.07.28"]
[Round "2.11"]
[White "Mladenov, Plamen"]
[Black "Paunovic, Dragan"]
[Result "0-1"]
[WhiteElo "2362"]
[BlackElo "2533"]
[PlyCount "124"]
[EventDate "2009.07.27"]
[EventType "swiss"]
[EventRounds "9"]
[EventCountry "ESP"]
[Source "lmi"]
[SourceDate "2009.07.27"]

1. e4 c5 2. Ne2 e6 3. c4 a6 4. Nbc3 Qc7 5. d4 cxd4 6. Nxd4 Nf6 7. Be2 Bb4 8. f3
O-O 9. O-O d5 10. exd5 Bxc3 11. bxc3 exd5 12. Bg5 Nbd7 13. cxd5 Nxd5 14. Kh1 h6
15. Qb3 Nxc3 16. Rac1 hxg5 17. Rxc3 Qf4 18. Rd1 Ne5 19. Qd5 Re8 20. Bf1 Ng6 21.
Bc4 Qf6 22. Ne2 Rb8 23. Qd4 b5 24. Bd3 Be6 25. Qxf6 gxf6 26. a3 Rbd8 27. Kg1 a5
28. Kf2 b4 29. axb4 axb4 30. Rc7 Bb3 31. Bc2 Bxc2 32. Rxd8 Rxd8 33. Rxc2 Ne5
34. Nc1 Rd1 35. Ke2 Rh1 36. h3 Rg1 37. Ke3 Kg7 38. Nd3 b3 39. Rf2 Nc6 40. Rb2
Na5 41. Kd4 Ra1 42. Nc5 Rd1+ 43. Kc3 Rc1+ 44. Kb4 Nc6+ 45. Kb5 Nd4+ 46. Kb4 Rc2
47. Nd3 Rxb2 48. Nxb2 Nc2+ 49. Kxb3 Ne1 50. g4 Nxf3 51. Nd3 f5 52. Nf2 Kf6 53.
Kc3 fxg4 54. Nxg4+ Kf5 55. Nh6+ Kg6 56. Ng4 Ng1 57. Nf2 Kh5 58. Kd4 f5 59. Ke5
f4 60. Kf5 Kh4 61. Ke4 Nxh3 62. Nd3 Kg3 0-1

[Event "3. Torneo Internacional A.D. San Juan"]
[Site "Pamplona ESP"]
[Date "2009.07.28"]
[Round "2.12"]
[White "Strikovic, Aleksa"]
[Black "Zamarbide Inarrea, Daniel"]
[Result "1-0"]
[WhiteElo "2523"]
[BlackElo "2176"]
[PlyCount "47"]
[EventDate "2009.07.27"]
[EventType "swiss"]
[EventRounds "9"]
[EventCountry "ESP"]
[Source "lmi"]
[SourceDate "2009.07.27"]

1. c4 e5 2. g3 Nf6 3. Bg2 Nc6 4. Nf3 h6 5. O-O g6 6. d4 d6 7. dxe5 dxe5 8.
Qxd8+ Kxd8 9. Rd1+ Ke8 10. Nc3 Be6 11. Nd5 Bxd5 12. cxd5 Rd8 13. e4 Nxe4 14.
Re1 Rxd5 15. Rxe4 Bg7 16. Be3 Ke7 17. Rc4 Rhd8 18. Ne1 Rd1 19. Rcc1 Rxc1 20.
Rxc1 Rd7 21. Bxc6 bxc6 22. Rxc6 e4 23. b3 Kd8 24. Kf1 1-0

[Event "3. Torneo Internacional A.D. San Juan"]
[Site "Pamplona ESP"]
[Date "2009.07.28"]
[Round "2.13"]
[White "Chueca Forcen, Alberto"]
[Black "Ibarra Jerez, Jose Carlos"]
[Result "0-1"]
[WhiteElo "2288"]
[BlackElo "2517"]
[PlyCount "76"]
[EventDate "2009.07.27"]
[EventType "swiss"]
[EventRounds "9"]
[EventCountry "ESP"]
[Source "lmi"]
[SourceDate "2009.07.27"]

1. d4 Nf6 2. c4 d6 3. Nf3 Bf5 4. g3 c6 5. Bg2 Nbd7 6. Nc3 e5 7. O-O h6 8. d5
Rc8 9. b3 Be7 10. Re1 Ne4 11. Nxe4 Bxe4 12. dxc6 bxc6 13. Bb2 Bg6 14. Qd2 Nc5
15. Rad1 Qb6 16. Qe3 O-O 17. b4 Na4 18. c5 dxc5 19. Nxe5 Bg5 20. Qb3 Nxb2 21.
Qxb2 Bf6 22. Rd6 Bxe5 23. Qxe5 Qxb4 24. Rc1 Rfe8 25. Qxc5 Qxc5 26. Rxc5 Rxe2
27. Bxc6 Re1+ 28. Kg2 Re6 29. Rxe6 fxe6 30. Kh3 Be8 31. Bxe8 Rxc5 32. f4 Rc2
33. a4 a6 34. Bh5 Kf8 35. Bd1 Rb2 36. Bf3 Ke7 37. Be4 Ra2 38. Bc6 h5 0-1